Bordering Countries by biggest Population Rank difference - Statistics

General Stats
  • This quiz has been taken 135 times
  • The average score is 21 of 23
Answer Stats
Answer % Correct
China
98%
Andorra
97%
France
97%
India
97%
Italy
97%
Monaco
97%
San Marino
97%
Spain
97%
Vatican City
97%
Bhutan
95%
Brazil
92%
Guyana
92%
Suriname
92%
Kyrgyzstan
91%
Mongolia
91%
Laos
90%
Austria
83%
Liechtenstein
83%
Indonesia
82%
Switzerland
82%
Mexico
81%
Belize
80%
East Timor
80%
No matching quizzes found
Score Distribution
Percent of People with Each Score
Percentile by Number Answered
Your Score History
You have not taken this quiz